खिलाडियों के मुख से / (Record no. 112122)
[ view plain ]
| 000 -LEADER | |
|---|---|
| fixed length control field | 01087nam a22002897a 4500 |
| 003 - CONTROL NUMBER IDENTIFIER | |
| control field | dpl |
| 005 - DATE AND TIME OF LATEST TRANSACTION | |
| control field | 20181211120023.0 |
| 008 - FIXED-LENGTH DATA ELEMENTS--GENERAL INFORMATION | |
| fixed length control field | 181211b ||||| |||| 00| 0 eng d |
| 010 ## - LIBRARY OF CONGRESS CONTROL NUMBER | |
| LC control number | B-196758 |
| 020 ## - INTERNATIONAL STANDARD BOOK NUMBER | |
| Terms of availability | 120.00 |
| International Standard Book Number | 8170167574 |
| 035 ## - SYSTEM CONTROL NUMBER | |
| System control number | B-196758 |
| 035 ## - SYSTEM CONTROL NUMBER | |
| System control number | B-196769 |
| 037 ## - SOURCE OF ACQUISITION | |
| Source of stock number/acquisition | Cen Lib/Ret |
| 040 ## - CATALOGING SOURCE | |
| Original cataloging agency | DPL |
| Language of cataloging | HN |
| Transcribing agency | dpl |
| 082 ## - DEWEY DECIMAL CLASSIFICATION NUMBER | |
| Classification number | 796 |
| Item number | जयश्री |
| 100 ## - MAIN ENTRY--PERSONAL NAME | |
| Personal name | जयश्री |
| 9 (RLIN) | 500 |
| 245 ## - TITLE STATEMENT | |
| Title | खिलाडियों के मुख से / |
| Statement of responsibility, etc | जयश्री |
| 246 ## - VARYING FORM OF TITLE | |
| Title proper/short title | khiladiyon ke mukh se |
| Remainder of title | by Jaishree |
| 260 ## - PUBLICATION, DISTRIBUTION, ETC. (IMPRINT) | |
| Place of publication, distribution, etc | नई दिल्ली |
| Name of publisher, distributor, etc | किताब घर |
| Date of publication, distribution, etc | 2006 |
| 270 ## - ADDRESS | |
| Address | 24/4855, अंसारी रोड दरिया गंज |
| City | नई दिल्ली |
| Postal code | 110002 |
| 300 ## - PHYSICAL DESCRIPTION | |
| Extent | 126पृष्ठ. : |
| Other physical details | चित्र. |
| Dimensions | 21सेमी (सजिल्द ) |
| 650 ## - SUBJECT ADDED ENTRY--TOPICAL TERM | |
| Topical term or geographic name as entry element | खेल जगत |
| 9 (RLIN) | 3457 |
| 650 ## - SUBJECT ADDED ENTRY--TOPICAL TERM | |
| Topical term or geographic name as entry element | खिलाडियों-खेल जगत |
| 9 (RLIN) | 46002 |
| 650 ## - SUBJECT ADDED ENTRY--TOPICAL TERM | |
| Topical term or geographic name as entry element | Sports |
| 9 (RLIN) | 46003 |
| 650 ## - SUBJECT ADDED ENTRY--TOPICAL TERM | |
| Topical term or geographic name as entry element | Players - sport |
| 9 (RLIN) | 46004 |
| 942 ## - ADDED ENTRY ELEMENTS (KOHA) | |
| Source of classification or shelving scheme | Dewey Decimal Classification |
| Koha item type | Hindi Books |
| Classification part | 796 |
| Call number suffix | जयश्री |
| Withdrawn status | Lost status | Damaged status | Not for loan | Home library | Current library | Date acquired | Source of acquisition | Cost, normal purchase price | Total Checkouts | Full call number | Barcode | Date last seen | Copy number | Cost, replacement price | Price effective from | Koha item type | Source of classification or shelving scheme | Collection code |
|---|---|---|---|---|---|---|---|---|---|---|---|---|---|---|---|---|---|---|
| Central Library | Central Library | 07/08/2015 | Cen Lib/Ret | 120.00 | 796 जयश्री | B-196758 | 07/08/2015 | 1 | 120.00 | 07/08/2015 | Hindi Books | |||||||
| Qila Rai Pithora | Qila Rai Pithora | 11/12/2018 | किताब घर | 120.00 | 796 जयश्री | B-196769 | 11/12/2018 | 120.00 | 11/12/2018 | Hindi Books | Dewey Decimal Classification | Non-fiction | ||||||
| Sarojini Nagar | Sarojini Nagar | 29/09/2018 | 796 जयश्री | B-196773 | 29/09/2018 | 29/09/2018 | Hindi Books | Dewey Decimal Classification | Non-fiction |
